Evénements du 4 janvier - Statistiques

Statistiques générales
  • Ce quiz a été pris 34 fois
  • Le résultat moyen est 7 sur 15
Statistiques - réponses
Hint Réponse % Correct
Naissance d'Isaac Newton 1643
66%
Inauguration de la tour Burj Khalifa aux Emirats Arabes Unis 2010
66%
Bataille de Reading perdue par les Saxons contre les Danois 871
66%
Record de Robert Marchand en cyclisme sur piste, catégorie des plus de 105 ans 2017
59%
1ères cotations en euro à la bourse de Paris 1999
55%
Talleyrand devient évêque d'Autun 1789
52%
Mort de l'acteur Michel Galabru 2016
52%
1ère de l'émission Des chiffres et des lettres 1972
48%
1ère diffusion de Châteauvallon en France 1985
45%
Signature de la Triple Alliance entre la France, les Provinces Unies et l'Angleterre 1717
38%
Mort d'Albert Camus, écrivain 1960
38%
Indépendance de la Birmanie 1948
34%
Signature de l'Alliance franco-russe 1894
28%
1ère diffusion de la série Mac Gyver 1987
28%
L'Utah devient le 45e état fédéré américain 1896
17%
Aucun quiz correspondant
Distribution des résultats
% des personnes avec chaque résultat
Percentile par nombre de réponses
Votre historique - résultats
Vous n’avez pas pris ce quiz